000
00282nam a22001097a 4500
040
_c
HS
082
_a
540
100
_a
THO KIMEANG
245
_a
The science and practice of crop production
260
_a
University of the philippines los banos (UPLB)
_b
THO KIMEANG
_c
2001
942
_c
EK
999
_c
8568
_d
8568